Kürzeste Hauptstadtnamen • A-Z - Statistiken

Allgemein
  • Dieses Quiz wurde 626 mal gespielt
    593 seit der letzten Aktualisierung
  • Das Durchschnittsergebnis liegt bei 12 aus 24
Antwortstatistiken
# Buchstabe Hauptstadt % Korrekt
B 4 Baku / Bern
82%
R 3 Rom
80%
L 4 Lomé / Lima
72%
O 4 Oslo
72%
W 4 Wien
71%
Q 5 Quito
66%
D 4 Dili / Doha
62%
U 11 Ulaanbaatar
60%
P 4 Prag
59%
T 5 Tokio / Tunis
59%
Z 6 Zagreb
54%
J 4 Juba
44%
M 4 Malé
43%
V 5 Vaduz
43%
I 9 Islamabad
41%
K 4 Kiew
41%
H 5 Hanoi
39%
Y 5 Yaren
39%
S 4 Suva
38%
F 8 Freetown / Funafuti
37%
C 7 Caracas / Conakry
34%
A 4 Apia
31%
N 6 Nassau / Niamey
30%
G 8 Gaborone
22%
Keine übereinstimmenden Quizze gefunden
Verteilung der Resultate
Anzahl Personen mit jedem Resultat
Perzentil nach korrekt beantworteten Fragen
Ihre Resultats-Entwicklung
Sie haben dieses Quiz seit der letzten Aktualisierung nicht gespielt